Statistiques concernant Départements français et capitales #2

Cliquez ici pour prendre le quiz!

Statistiques générales

  • Ce quiz a été pris 181 fois
  • Le résultat moyen est 22 sur 30

Statistiques - réponses

% Correct
GirondeBordeaux
96%
Bouches-du-RhôneMarseille
96%
Paris (très difficile)Paris
94%
ToulonVar
92%
NantesLoire-Atlantique
91%
CalvadosCaen
88%
HéraultMontpellier
88%
Ille-et-VilaineRennes
82%
Clermont-FerrandPuy-de-Dôme
81%
MoulinsAllier
78%
AvignonVaucluse
78%
La-Roche-sur-YonVendée
78%
Haute-SavoieAnnecy
76%
BesançonDoubs
76%
OrléansLoiret
76%
Meurthe-et-MoselleNancy
76%
PérigueuxDordogne
74%
GuéretCreuse
73%
Digne-les-BainsAlpes-de-Haute-Provence
72%
SavoieChambéry
71%
MayenneLaval
71%
GapHautes-Alpes
68%
PauPyrénées-Atlantiques
66%
Le Puy-en-VelayHaute-Loire
64%
CantalAurillac
63%
Seine-Saint-DenisBobigny
58%
TarbesHautes-Pyrénées
56%
Val-de-MarneCréteil
55%
Val-d'OiseCergy (et Pontoise)
54%
MeuseBar-le-Duc
46%

Distribution des résultats

Percentile par nombre de réponses

% des personnes avec chaque résultat

Votre développement - résultats

Vous n’avez pas pris ce quiz